|
|
|
|
| LEADER |
00753nam a2200205 a 4500 |
| 001 |
0008256 |
| 008 |
100731s1990 ii a b 001 0 eng d |
| 020 |
|
|
|a 8170413486
|
| 040 |
|
|
|a BD-DhAAL
|c BD-DhAAL
|d BD-DhAAL
|
| 082 |
0 |
0 |
|a 657/.044
|2 20
|
| 100 |
1 |
|
|a Saeed,M.
|
| 245 |
1 |
0 |
|a Corporate financial reporting /
|c M Saeed
|
| 260 |
|
|
|a New Delhi :
|b Anmol Publications,
|c 1990.
|
| 300 |
|
|
|a xv, 342 p. :
|b ill. ;
|c 22 cm.
|
| 504 |
|
|
|a Includes bibliographical references and index.
|
| 541 |
1 |
|
|e 00008256
|
| 650 |
|
0 |
|a Accounting.
|
| 852 |
4 |
|
|a Ayesha Abed Library
|j General shelf
|
| 999 |
|
|
|c 9373
|d 9373
|
| 952 |
|
|
|0 0
|1 0
|2 ddc
|4 0
|6 657_044000000000000_SAE_1990
|7 0
|9 12177
|a BRACUL
|b BRACUL
|c GEN
|d 2010-09-29
|l 1
|m 6
|o 657.044 SAE
|p 3010008256
|r 2013-11-18
|s 2013-10-04
|t 1
|w 2010-09-29
|y BK
|